Los procesos de apertura comercial y la educación /

שמור ב:
מידע ביבליוגרפי
מחבר ראשי: Garnier Rímolo, Leonardo
פורמט: Texto
נושאים:
תגים: הוספת תג
אין תגיות, היה/י הראשונ/ה לתייג את הרשומה!

MARC

LEADER 00000 a a2200000 04500
001 16884
003
040
100 |a Garnier Rímolo, Leonardo  
245 |a Los procesos de apertura comercial y la educación /  |c Leonardo Garnier Rímolo 
650 |a EDUCACION  
650 |a TLC  
650 |a ACUERDOS ECONOMICOS  
650 |a COSTA RICA  
650 |a ESTADOS UNIDOS  
773 |g volumen 15, número 1; páginas 217-237  
999 |c 23466  |d 23466